Online
Catalog

Guerra y globalización : (Record no. 14424)

MARC details
000 -CABECERA
campo de control de longitud fija 00598nam a2200193 a 4500
001 - NÚMERO DE CONTROL
campo de control 000014844
005 - FECHA Y HORA DE LA ÚLTIMA TRANSACCIÓN
campo de control 20240430192052.0
008 - DATOS DE LONGITUD FIJA--INFORMACIÓN GENERAL
campo de control de longitud fija 100122s2002 mx 000 0 spa d
020 ## - NÚMERO INTERNACIONAL ESTÁNDAR DEL LIBRO
Número Internacional Estándar del Libro 9682323894
040 ## - FUENTE DE LA CATALOGACIÓN
Centro catalogador/agencia de origen DO-SdBNP
Lengua de catalogación spa
Centro/agencia transcriptor BNPHU
082 ## - NÚMERO DE LA CLASIFICACIÓN DECIMAL DEWEY
Número de clasificación 303.49
Número de documento/Ítem C551g
049 ## - FONDOS LOCALES (OCLC)
Fondos de biblioteca BNGR
100 1# - ENTRADA PRINCIPAL--NOMBRE DE PERSONA
Nombre de persona Chossudovsky, Michel,
Fechas asociadas al nombre 1914-2006
9 (RLIN) 33636
245 10 - MENCIÓN DE TÍTULO
Título Guerra y globalización :
Resto del título antes y después del xi / ix / mmi /
Mención de responsabilidad, etc. Michel Chossudovsky.
260 ## - PUBLICACIÓN, DISTRIBUCIÓN, ETC.
Lugar de publicación, distribución, etc. México :
Nombre del editor, distribuidor, etc. Siglo XXI,
Fecha de publicación, distribución, etc. 2002.
300 ## - DESCRIPCIÓN FÍSICA
Extensión 142, [1] p. ;
Dimensiones 21 cm.
650 #0 - PUNTO DE ACCESO ADICIONAL DE MATERIA--TÉRMINO DE MATERIA
Término de materia o nombre geográfico como elemento de entrada Terrorismo
9 (RLIN) 3230
650 #4 - PUNTO DE ACCESO ADICIONAL DE MATERIA--TÉRMINO DE MATERIA
Término de materia o nombre geográfico como elemento de entrada Terrorismo
Subdivisión geográfica Estados Unidos
9 (RLIN) 31069
Holdings
Estado de retiro Estado de pérdida Restricciones de uso No para préstamo Código de colección Localización permanente Ubicación/localización actual Ubicación en estantería Fecha de adquisición Número de inventario Total de préstamos Signatura topográfica completa Código de barras Fecha visto por última vez Precio válido a partir de Tipo de ítem Koha
    Préstamo interno   Monografías: Libros y Folletos General General En catalogación 22.01.2010 LF1   303.49 C551g 14844-10 25.06.2020 25.06.2020 Préstamo interno

Powered by Koha